000 00576nam a2200205Ia 4500
003 GCL
008 140319s9999 xx 000 0 ara d
040 _aGCL /
_cGCL
082 0 4 _a414.3
_bم ص
245 1 0 _aالصورة الفنية فى المثل القران
260 _a[S.N] :
_bدار الحقيقة للطباعة والنشر ،
_c1992
300 _a470
490 _a
650 0 4 _aاللغة العربية
650 0 4 _aالبلاغة العربية
650 0 4 _aالبديع
650 0 4 _aالامثال
650 0 4 _aالقران
942 _2ddc
_cBK
999 _c54885
_d54885